[Event "UAE National Day 51st"]
[Site "Sharjah"]
[Date "2022.12.04"]
[Round "7"]
[White "Fernandez, Dandel"]
[Black "Erdogdu, Mert"]
[Result "0-1"]
[WhiteElo "2011"]
[BlackElo "2413"]
[PlyCount "81"]
[EventDate "2022.12.03"]
[EventType "swiss (rapid)"]
[EventRounds "10"]
[EventCountry "UAE"]
[SourceTitle "CBM 211 Extra"]
[Source "ChessBase"]
[SourceDate "2023.01.31"]
[SourceVersion "1"]
[SourceVersionDate "2023.01.31"]
[SourceQuality "1"]

1. f4 d5 2. e3 g6 3. Nf3 Bg7 4. Be2 c5 5. 0-0 Nc6 6. Bb5 Nf6 7. b3 Ne4 8. Ne5 Qc7 9. Bb2 0-0 10. Bxc6 bxc6 11. d3 Nd6 12. Nd2 Nf5 13. Qe2 f6 14. Nef3 e5 15. e4 Nd4 16. Nxd4 cxd4 17. f5 gxf5 18. exf5 Kh8 19. Rae1 c5 20. Bc1 a5 21. a4 Ba6 22. Qh5 Qf7 23. Qh4 Rg8 24. Rf3 Bf8 25. Nf1 c4 26. Ng3 Rc8 27. bxc4 dxc4 28. Ne4 Be7 29. Bd2 cxd3 30. cxd3 Rc2 31. Rg3 Rxg3 32. Qxg3 Bb4 33. Bxb4 axb4 34. Nd6 Qe7 35. Ne4 b3 36. Rb1 b2 37. Qe1 Bxd3 38. Nf2 Bxf5 39. g4 Bg6 40. h4 Qc5 41. Ne4 0-1

[Event "Sharjah Rapid op 27th"]
[Site "Sharjah"]
[Date "2022.04.06"]
[Round "4"]
[White "Fernandez, Dandel"]
[Black "Yakubboev, Nodirbek"]
[Result "0-1"]
[WhiteElo "2011"]
[BlackElo "2630"]
[PlyCount "34"]
[EventDate "2022.04.06"]
[EventType "swiss (rapid)"]
[EventRounds "9"]
[EventCountry "UAE"]
[SourceTitle "CBM 207 Extra"]
[Source "ChessBase"]
[SourceDate "2022.05.31"]
[SourceVersion "1"]
[SourceVersionDate "2022.05.31"]
[SourceQuality "1"]

1. f4 d5 2. e3 g6 3. Nf3 Bg7 4. Be2 c5 5. 0-0 Nc6 6. Bb5 Bd7 7. Bxc6 Bxc6 8. d3 Nf6 9. Ne5 Rc8 10. b3 Nd7 11. Bb2 Qc7 12. Qf3 Nxe5 13. Bxe5 Bxe5 14. fxe5 Qxe5 15. Qxf7+ Kd7 16. Nd2 Rcf8 17. Qxf8 Rxf8 0-1

[Event "Ramadan Masters Online"]
[Site "Chess.com INT"]
[Date "2020.05.08"]
[Round "3"]
[White "Dimakiling, Oliver"]
[Black "Fernandez, Dandel"]
[Result "1-0"]
[WhiteElo "2409"]
[BlackElo "2003"]
[PlyCount "85"]
[EventDate "2020.05.08"]
[EventType "swiss (blitz)"]
[EventRounds "12"]
[EventCountry "USA"]
[SourceTitle "CBM 196 Extra"]
[Source "ChessBase"]
[SourceDate "2020.07.31"]
[SourceVersion "1"]
[SourceVersionDate "2020.07.31"]
[SourceQuality "1"]

1. c4 c5 2. Nc3 Nc6 3. Nf3 g6 4. e3 Bg7 5. d4 cxd4 6. exd4 d6 7. h3 Nf6 8. d5 Ne5 9. Nd4 0-0 10. Be3 a6 11. Rc1 Qa5 12. Qd2 Re8 13. Be2 Rb8 14. 0-0 Bf5 15. f4 Ned7 16. g4 e6 17. gxf5 exf5 18. Nb3 Qc7 19. Bd4 b6 20. Rfe1 Nc5 21. Bf1 Nfe4 22. Nxe4 Nxe4 23. Qd3 Qe7 24. Bxg7 Kxg7 25. Qf3 Qh4 26. Re3 Rbc8 27. Rc2 b5 28. Nd4 bxc4 29. Nc6 c3 30. bxc3 a5 31. Rg2 Qf6 32. Kh2 Rc7 33. a4 Rcc8 34. Bb5 Nc5 35. Nd4 Re4 36. Bc6 Rc7 37. Nb5 Rce7 38. Rge2 h6 39. Rxe4 Nxe4 40. Nd4 Qh4 41. Rg2 Qf6 42. Nb5 Nxc3 43. Qxc3 1-0

[Event "Subic Bay Puregold op-B"]
[Site "Subic Bay"]
[Date "2016.12.14"]
[Round "3"]
[White "Fernandez, Dandel"]
[Black "Reyes, Hans Jeremy"]
[Result "1/2-1/2"]
[WhiteElo "2020"]
[BlackElo "1795"]
[PlyCount "128"]
[EventDate "2016.12.13"]
[EventType "swiss"]
[EventRounds "9"]
[EventCountry "PHI"]
[SourceTitle "EXT 2018"]
[Source "ChessBase"]
[SourceDate "2017.10.13"]
[SourceVersion "1"]
[SourceVersionDate "2017.10.13"]
[SourceQuality "1"]

1. Nf3 Nf6 2. b3 g6 3. Bb2 Bg7 4. e3 d6 5. d4 Nbd7 6. Nbd2 0-0 7. Bc4 Re8 8. Bxf7+ Kf8 9. Ng5 e5 10. Ne6+ Rxe6 11. Bxe6 Qe7 12. Bc4 d5 13. dxe5 Nxe5 14. Be2 Ne4 15. f4 Qh4+ 16. g3 Nxg3 17. hxg3 Qxh1+ 18. Nf1 Nd3+ 19. Qxd3 Bxb2 20. Rd1 Bf5 21. Qxd5 Qxd5 22. Rxd5 c6 23. Rd1 Ke7 24. Kf2 Ba3 25. Bd3 Rd8 26. e4 Bxe4 27. g4 Bxd3 28. cxd3 Bb4 29. Ng3 Rf8 30. Kf3 Bd6 31. Re1+ Kd7 32. Re4 b6 33. Rd4 c5 34. Re4 b5 35. Ne2 h5 36. gxh5 gxh5 37. Ng1 Rf5 38. Nh3 Rd5 39. Ke3 c4 40. bxc4 bxc4 41. Rxc4 Ra5 42. a4 Rf5 43. Ke4 Rf7 44. Rd4 Ke7 45. Rd5 Rh7 46. Ng5 Rh6 47. Ra5 Bb8 48. Rb5 Rb6 49. d4 Rxb5 50. axb5 Kf6 51. Nf3 Bd6 52. d5 Bc5 53. Ne5 Bd6 54. Nf3 Bc5 55. Nh4 Bf2 56. Nf5 h4 57. Kf3 Be1 58. Nd4 h3 59. Nc6 h2 60. Kg2 Bg3 61. Nxa7 Bxf4 62. Nc6 Bc7 63. Nb4 Ke5 64. Kxh2 Bd6 1/2-1/2

[Event "Subic Bay op"]
[Site "Subic Bay"]
[Date "2009.05.28"]
[Round "5"]
[White "Habla, Jony"]
[Black "Fernandez, Dandel"]
[Result "1-0"]
[WhiteElo "2300"]
[BlackElo "2066"]
[PlyCount "31"]
[EventDate "2009.05.25"]
[EventType "swiss"]
[EventRounds "9"]
[EventCountry "PHI"]
[SourceTitle "CBM 130 Extra"]
[Source "ChessBase"]
[SourceDate "2009.07.02"]
[SourceVersion "2"]
[SourceVersionDate "2009.07.15"]
[SourceQuality "1"]

1. d4 e6 2. c4 Nf6 3. Nc3 d6 4. Bg5 Nbd7 5. Nf3 Be7 6. e3 Nh5 7. Bxe7 Qxe7 8. Bd3 c6 9. Qe2 h6 10. 0-0-0 Nhf6 11. Kb1 a6 12. e4 e5 13. c5 exd4 14. cxd6 Qxd6 15. e5 Qc5 16. exf6+ 1-0